Score 0/18 Timer 06:00
2 Plays Today
% Correct
The Pink Panther
99%
Full Metal Jacket
83.5%
Green Lantern
83.2%
St. Elmo's Fire
81.7%
Good Will Hunting
81.3%
City Lights
66.5%
Interview with the Vampire
64.9%
Walk the Line
61.4%
Toy Story
59.3%
% Correct
The Parent Trap
57.9%
Happy Gilmore
51.2%
Cool Hand Luke
44.4%
Tango & Cash
44.1%
Night at the Museum
42.6%
The Maltese Falcon
40.4%
The Truman Show
40%
Pulp Fiction
33.8%
Yankee Doodle Dandy
33%
Remove Ads.
Support Sporcle.
Get the best of Sporcle when you Go Orange. This ad-free experience offers more features, more stats, and more fun while also helping to support Sporcle. Thank you for becoming a member.

You're not logged in!

Compare scores with friends on all Sporcle quizzes.
OR
Log In

Show Comments

Extras

Top Quizzes Today


Score Distribution

Your Account Isn't Verified!

In order to create a playlist on Sporcle, you need to verify the email address you used during registration. Go to your Sporcle Settings to finish the process.

Report this User

Report this user for behavior that violates our Community Guidelines.

Details: